000 00635nam a2200241Ia 4500
003 OSt
005 20221005041044.0
006 a|||||r|||| 00| 0
007 ta
008 221004b |||||||| |||| 00| 0 eng d
024 _a46325
037 _cTextual
040 _aCRL
_cCRL
_beng
041 _2eng
_aeng
082 _aw1,N, M5
100 _aTickoo Champa and others Ed.
_9589471
245 0 _aBrief biographies
260 _aDelhi
_bOxford Universityt Press
_c1985
300 _a184p.
_ccm.
650 _aBIOGRAPHY
942 _hw1,N, M5
_cTEXL
_2cc
999 _c947914
_d947914